000 00834nam a2200205Ia 4500
001 10672
003 GE_BSU
008 181216s||||||||xx |||||||||||||| ||und||
040 _cGE_BSU
080 _a821.353.1+821.353.1-311.6
100 _aფაღავა,იუსუფ
245 _aორი რომანი:ტ.1:სუსხი ავბედობის ჩაუმქრალი კერა.
245 _cგამომც.რედ.გულნარა ფაღავა;მხატვ.რედ.გურამ გუჯაბიძე
260 _aბათუმი.
260 _b1998.
260 _cაჭარა.
300 _a464გვ;20სმ.
653 _aორი რომანი:ტ.1:სუსხი ავბედობის ჩაუმქრალი კერა.
942 _cBK
999 _c43923
_d43923